The principles of political economy and taxation

Αποθηκεύτηκε σε:
Λεπτομέρειες βιβλιογραφικής εγγραφής
Κύριος συγγραφέας: Ricardo, David, 1772-1823
Άλλοι συγγραφείς: Winch, Donald (Συγγραφέας εισαγωγής κ.λπ.)
Μορφή: Βιβλίο
Γλώσσα:English
Δημοσίευση: London : J. M. Dent & Sons, 1973.
Σειρά:Everyman's library
Θέματα:
Ετικέτες: Προσθήκη ετικέτας
Δεν υπάρχουν, Καταχωρήστε ετικέτα πρώτοι!

MARC

LEADER 00000cam a2200000 i 4500
001 1/20531
008 960422s1973 eng d
020 |a 0460115901   |q (χαρτόδετο)  
035 |l 10021564 
040 |a GR-MY-UA  |b gre  |e aacr 
041 0 |a eng 
082 0 |a 330  
100 1 |a Ricardo, David,   |d 1772-1823. 
245 1 4 |a The principles of political economy and taxation /  |c D. Ricardo.  
260 |a London :   |b J. M. Dent & Sons,   |c 1973.  
300 |a 300 σ. :   |c 19 εκ.  
490 1 |a Everyman's library 
650 0 0 |a Economics. 
650 0 0 |a Taxation. 
700 1 |a Winch, Donald.  |4 aui 
830 0 |a Everyman's library 
852 |a INST  |b CHIOS  |e 19960709  |h 330 RIC  |p 005200002244  |q 005200002244  |t BK  |y 0 
852 |a INST  |b CHIOS  |e 19960422  |h 330 RIC  |p 005200005799  |q 005200005799  |t BK  |y 0 
852 |a INST  |b CHIOS  |c TSAMOYRGELIS  |e 20190610  |h 330 RIC  |p 005200037641  |q 005200037641  |t BK  |y 0